Statistics for All Brazilian National Parks on a map

Click here to take the quiz!

General Stats

  • This quiz has been taken 48 times
  • The average score is 4 of 73

Answers on the Map

Answers color-coded by a green-red scale on the quiz's map according to % correct below.
 

Answer Stats

National Park% Correct
Amazônia National Park
62%
Iguaçu National Park
50%
Fernando de Noronha Marine National Park
31%
Lençóis Maranhenses National Park
23%
Abrolhos Marine National Park
19%
Brasília National Park
19%
Cabo Orange National Park
19%
Chapada Diamantina National Park
19%
Itatiaia National Park
15%
Monte Roraima National Park
15%
Pantanal Matogrossense National Park
15%
Serra do Divisor National Park
15%
Tijuca National Park
15%
Chapada dos Veadeiros National Park
12%
Montanhas do Tumucumaque National Park
12%
Pico da Neblina National Park
12%
Ilha Grande National Park
8%
Jaú National Park
8%
Serra da Bocaina National Park
8%
Serra da Canastra National Park
8%
Serra da Capivara National Park
8%
Serra Geral National Park
8%
Anavilhanas National Park
4%
Araguaia National Park
4%
Caparaó National Park
4%
Chapada dos Guimarães National Park
4%
Jericoacoara National Park
4%
Mapinguari National Park
4%
Monte Pascoal National Park
4%
Serra do Cipó National Park
4%
Serra dos Órgãos National Park
4%
Alto Cariri National Park
0%
Aparados da Serra National Park
0%
Araucárias National Park
0%
Boa Nova National Park
0%
Boqueirão da Onça National Park
0%
Campos Amazônicos National Park
0%
Campos Ferruginosos National Park
0%
Campos Gerais National Park
0%
Catimbau National Park
0%
Cavernas do Peruaçu National Park
0%
Chapada das Mesas National Park
0%
Descobrimento National Park
0%
Emas National Park
0%
Furna Feia National Park
0%
Grande Sertão Veredas National Park
0%
Guaricana National Park
0%
Ilha dos Currais Marine National Park
0%
Jamanxim National Park
0%
Juruena National Park
0%
Lagoa do Peixe National Park
0%
Nascentes do Lago Jari National Park
0%
Nascentes do Rio Parnaíba National Park
0%
Pacaás Novos National Park
0%
Pau Brasil National Park
0%
Restinga de Jurubatiba National Park
0%
Rio Novo National Park
0%
Saint Hilaire/Lange National Park
0%
São Joaquim National Park
0%
Sempre-Vivas National Park
0%
Serra da Bodoquena National Park
0%
Serra da Cutia National Park
0%
Serra da Mocidade National Park
0%
Serra das Confusões National Park
0%
Serra das Lontras National Park
0%
Serra de Itabaiana National Park
0%
Serra do Gandarela National Park
0%
Serra do Itajaí National Park
0%
Serra do Pardo National Park
0%
Sete Cidades National Park
0%
Superagüi National Park
0%
Ubajara National Park
0%
Viruá National Park
0%

Score Distribution

Percentile by Number Answered

Percent of People with Each Score

Your Score History

You have not taken this quiz